|
|
|
|
| LEADER |
00000nam a2200000 a 4500 |
| 001 |
115730 |
| 003 |
CZ-ZlUTB |
| 005 |
20260529153408.0 |
| 008 |
s d |
| 100 |
1 |
|
|a Coufal Jan, Vrabcová Pavla, Tobíšek Jiří
|
| 245 |
0 |
0 |
|a Pokročilá analýza dat ve společenských vědách
|n [MVS]
|
| 260 |
|
|
|c 2024
|
| 942 |
|
|
|2 udc
|
| 952 |
|
|
|0 0
|1 0
|4 0
|6 MVS
|7 0
|8 OTHER
|9 191356
|a UTBZL
|b UTBZL
|c 045
|d 2026-05-29
|h Titul z meziknihovní výpůjční služby, nelze vypůjčit ani rezervovat
|l 1
|o MVS
|p 2652428868
|q 2026-07-07
|r 2026-05-29 15:36:24
|s 2026-05-29
|w 2026-05-29
|y 14
|
| 992 |
|
|
|a IL
|
| 993 |
|
|
|x NEPOSILAT
|y NESPEC
|
| 999 |
|
|
|c 115730
|d 115730
|